The Oxford handbook of cognitive linguistics / edited by Dirk Geeraerts and Hubert Cuyckens (Record no. 111025)
[ view plain ]
| 000 -LEADER | |
|---|---|
| fixed length control field | 00659nam a22001937a 4500 |
| 005 - DATE AND TIME OF LATEST TRANSACTION | |
| control field | 20160112085835.0 |
| 008 - FIXED-LENGTH DATA ELEMENTS--GENERAL INFORMATION | |
| fixed length control field | 160112b us||||| |||| 00| 0 eng d |
| 020 ## - INTERNATIONAL STANDARD BOOK NUMBER | |
| International Standard Book Number | 9780199738632 |
| 050 04 - LIBRARY OF CONGRESS CALL NUMBER | |
| Classification number | P165 |
| Item number | O94 2007 |
| 245 04 - TITLE STATEMENT | |
| Title | The Oxford handbook of cognitive linguistics / edited by Dirk Geeraerts and Hubert Cuyckens |
| Statement of responsibility, etc | ed. by Dirk Geeraerts and Hubert Cuyckens |
| 250 ## - EDITION STATEMENT | |
| Edition statement | 1a ed. |
| 260 ## - PUBLICATION, DISTRIBUTION, ETC. (IMPRINT) | |
| Place of publication, distribution, etc | Oxford : |
| Name of publisher, distributor, etc | Oxford University Press, |
| Date of publication, distribution, etc | 2007 |
| 300 ## - PHYSICAL DESCRIPTION | |
| Extent | 1334 p. : |
| Other physical details | il. ; |
| Dimensions | 25 cm. |
| 490 #0 - SERIES STATEMENT | |
| Series statement | Oxford handbooks |
| 650 #7 - SUBJECT ADDED ENTRY--TOPICAL TERM | |
| Source of heading or term | Lemb |
| Topical term or geographic name as entry element | Gramática cognitiva |
| 700 1# - ADDED ENTRY--PERSONAL NAME | |
| Personal name | Geeraerts, Dirk, |
| Dates associated with a name | 1955- , |
| Relator term | ed. |
| 700 1# - ADDED ENTRY--PERSONAL NAME | |
| Personal name | Cuyckens, H., |
| Relator term | ed. |
| 942 ## - ADDED ENTRY ELEMENTS (KOHA) | |
| Source of classification or shelving scheme | Biblioteca del Cogreso de los Estados Unidos |
| Koha item type | Libro |
| Estado de pérdida | Fuente de clasificación | Estado del daño | No para préstamo | Ubicación permanente | Ubicación actual | Apartado o colección | Fecha de adquisición | Edición | Área del conocimiento | Clasificación | Código de Barras | Date last seen | Número de copia | Tipo de recurso |
|---|---|---|---|---|---|---|---|---|---|---|---|---|---|---|
| Biblioteca del Cogreso de los Estados Unidos | Biblioteca de la Facultad de Filosofía | Biblioteca de la Facultad de Filosofía | General | 12/01/2016 | 1a ed. | Educación y Humanidades | P165 O94 2007 | BFF000014750 | 12/01/2016 | 1 | Libro | |||
| Biblioteca del Cogreso de los Estados Unidos | Biblioteca de la Facultad de Filosofía | Biblioteca de la Facultad de Filosofía | General | 12/01/2016 | 1a ed. | Educación y Humanidades | P165 O94 2007 | BFF000014751 | 12/01/2016 | 2 | Libro |